Love peace and humanity
Saved in:
| Main Author: | |
|---|---|
| Format: | Book |
| Language: | Undetermined |
| Published: |
Bangkok
Offset press Co., Ltd.
1995
|
| Subjects: | |
| Tags: |
Add Tag
No Tags, Be the first to tag this record!
|
| Institutions: | Trung tâm Học liệu Trường Đại học Cần Thơ |
|---|
| LEADER | 00502nam a2200193Ia 4500 | ||
|---|---|---|---|
| 001 | CTU_122933 | ||
| 008 | 210402s9999 xx 000 0 und d | ||
| 082 | |a 741 | ||
| 082 | |b T596 | ||
| 100 | |a Tirona, Rosalinda | ||
| 245 | 0 | |a Love peace and humanity | |
| 245 | 0 | |c Rosalinda Tirona | |
| 260 | |a Bangkok | ||
| 260 | |b Offset press Co., Ltd. | ||
| 260 | |c 1995 | ||
| 650 | |a Drawing | ||
| 650 | |x Instruction | ||
| 904 | |i Hiếu, H. Mai | ||
| 980 | |a Trung tâm Học liệu Trường Đại học Cần Thơ | ||